[Event "Chorzow OPEN FIDE"]
[Site "Chorzow"]
[Date "2010.03.20"]
[Round "1.1"]
[White "Kalinin, Oleg"]
[Black "Galyga, Jozef"]
[Result "1-0"]
[WhiteElo "2366"]
[BlackElo "1874"]
[PlyCount "85"]
[EventDate "2010.??.??"]

1. d4 e6 2. c4 f5 3. g3 Nf6 4. Bg2 Be7 5. Nf3 d5 6. O-O O-O 7. b3 Nc6 8. Ba3
Ne4 9. Bxe7 Qxe7 10. Qc1 a5 11. a3 Bd7 12. e3 Be8 13. Nc3 dxc4 14. Nxe4 fxe4
15. Nd2 cxb3 16. Nxb3 a4 17. Nc5 Na5 18. Bxe4 Nb3 19. Nxb3 axb3 20. Qb2 Bb5 21.
Rfc1 c6 22. Qxb3 Kh8 23. a4 Ba6 24. Rc5 Qf6 25. f4 Rae8 26. Qc2 h6 27. h4 Re7
28. Kh2 Rd8 29. Rg1 Rd6 30. Rb1 g6 31. Bxg6 Be2 32. Qxe2 Qxg6 33. Qh5 Qxh5 34.
Rxh5 Rd5 35. Rxd5 exd5 36. Rb3 h5 37. Kg2 Kg7 38. Kf3 Kf6 39. a5 Ke6 40. Rb6
Kd6 41. a6 bxa6 42. Rxa6 Rb7 43. Ra8 1-0

[Event "Chorzow OPEN FIDE"]
[Site "Chorzow"]
[Date "2010.03.20"]
[Round "1.2"]
[White "Buchowski, Adam"]
[Black "Mulet, Piotr"]
[Result "0-1"]
[WhiteElo "1873"]
[BlackElo "2352"]
[PlyCount "48"]
[EventDate "2010.??.??"]

1. d4 d5 2. Nf3 Nf6 3. c3 c5 4. Bf4 Qb6 5. Qb3 c4 6. Qxb6 axb6 7. Bxb8 Rxb8 8.
Nbd2 Bf5 9. Nh4 Bd7 10. g3 b5 11. a3 Bc6 12. Bg2 e6 13. O-O Ne4 14. Nhf3 Bd6
15. Nxe4 dxe4 16. Nd2 f5 17. f4 h6 18. e3 g5 19. Kf2 gxf4 20. gxf4 Be7 21. Rg1
Bh4+ 22. Ke2 Ke7 23. a4 bxa4 24. Nxc4 Bb5 0-1

[Event "Chorzow OPEN FIDE"]
[Site "Chorzow"]
[Date "2010.03.20"]
[Round "1.3"]
[White "Piesik, Piotr"]
[Black "Ociepka, Tomasz"]
[Result "1/2-1/2"]
[WhiteElo "2273"]
[BlackElo "1871"]
[PlyCount "56"]
[EventDate "2010.??.??"]

1. Nf3 d5 2. g3 Nf6 3. Bg2 c6 4. O-O Bf5 5. d3 e6 6. Nbd2 Be7 7. Qe1 O-O 8. e4
Bg6 9. Qe2 c5 10. Ne5 Nc6 11. Nxc6 bxc6 12. f4 h6 13. g4 Rb8 14. e5 Nd7 15. f5
Bh7 16. b3 exf5 17. Bb2 fxg4 18. Qxg4 Rb4 19. Qg3 Bg5 20. a3 Rb7 21. Nf3 Bg6
22. Rae1 Re8 23. h4 Be7 24. e6 Nf6 25. Ne5 Bd6 26. exf7+ Bxf7 27. Nxf7 Rxf7 28.
Rxe8+ Nxe8 1/2-1/2

[Event "Chorzow OPEN FIDE"]
[Site "Chorzow"]
[Date "2010.03.20"]
[Round "1.4"]
[White "Tomanek, Jerzy"]
[Black "Sroka, Janusz"]
[Result "0-1"]
[WhiteElo "1866"]
[BlackElo "2114"]
[PlyCount "78"]
[EventDate "2010.??.??"]

1. e4 e5 2. Nf3 d6 3. Bc4 Nd7 4. O-O c6 5. c3 b5 6. Bb3 Be7 7. d4 Ngf6 8. Re1
O-O 9. Be3 Nxe4 10. dxe5 dxe5 11. Bxa7 Rxa7 12. Rxe4 Qc7 13. Re1 Kh8 14. Nbd2
f5 15. Nf1 e4 16. Nd4 Ne5 17. Be6 Nd3 18. Re2 Nf4 19. Bxc8 Nxe2+ 20. Qxe2 Qxc8
21. f3 exf3 22. Qxf3 Bc5 23. Kh1 Bxd4 24. cxd4 Qd7 25. a3 Qxd4 26. Rb1 c5 27.
h3 Re7 28. Qc6 Re2 29. Ng3 Rd2 30. Kh2 Qe5 31. Rf1 Rd3 32. Rf3 Rxf3 33. Qxf3
Qxb2 34. Qd3 f4 35. Ne2 f3 36. Nf4 g5 37. Qd6 Qf6 38. Qxf6+ Rxf6 39. Nd5 f2 0-1

[Event "Chorzow OPEN FIDE"]
[Site "Chorzow"]
[Date "2010.03.20"]
[Round "1.5"]
[White "Swiatloch, Tomasz"]
[Black "Muc, Zbigniew"]
[Result "1-0"]
[WhiteElo "2113"]
[BlackElo "1835"]
[PlyCount "111"]
[EventDate "2010.??.??"]

1. e4 c6 2. d4 d5 3. exd5 cxd5 4. c4 Nf6 5. Nc3 Nc6 6. cxd5 Nxd5 7. Bc4 e6 8.
Nf3 Be7 9. O-O O-O 10. Re1 a6 11. a3 b5 12. Bd3 Nf6 13. Bf4 Qb6 14. Be5 Rd8 15.
Qc2 h6 16. Rac1 Bb7 17. b4 Rac8 18. Qe2 Nxe5 19. dxe5 Ng4 20. Ne4 Rxc1 21. Rxc1
Rd5 22. Nc3 Rxd3 23. Qxd3 Nxf2 24. Qd4 Qxd4 25. Nxd4 Nd3 26. Rc2 Nxe5 27. Ncxb5
axb5 28. Rc7 Bg5 29. Rxb7 Be3+ 30. Kf1 Bxd4 31. Rb8+ Kh7 32. Rxb5 Ng4 33. a4
Nxh2+ 34. Ke2 Ng4 35. a5 Nf6 36. a6 Nd5 37. Kd3 Bg1 38. Rb7 Kg6 39. b5 f5 40.
a7 Bxa7 41. Rxa7 Kf6 42. Rd7 Nb6 43. Rd6 Nc8 44. Ra6 Ke5 45. b6 Nd6 46. Ra7 g6
47. b7 Nxb7 48. Rxb7 h5 49. Rb5+ Kf6 50. Ke3 e5 51. Ra5 h4 52. Ra6+ Kg5 53. Re6
e4 54. Ra6 Kh5 55. Kf4 Kh6 56. Ra7 1-0

[Event "Chorzow OPEN FIDE"]
[Site "Chorzow"]
[Date "2010.03.20"]
[Round "1.6"]
[White "Richter, Bronislaw"]
[Black "Sztwiertnia, Krzysztof"]
[Result "0-1"]
[WhiteElo "1834"]
[BlackElo "2082"]
[PlyCount "70"]
[EventDate "2010.??.??"]

1. d4 Nf6 2. Bg5 e6 3. e4 h6 4. Bxf6 Qxf6 5. Nf3 d5 6. e5 Qd8 7. c4 Bb4+ 8. Nc3
a5 9. a3 Be7 10. Qb3 dxc4 11. Bxc4 c6 12. a4 Na6 13. O-O O-O 14. Rad1 Qc7 15.
Nd2 Rd8 16. Nde4 Nb4 17. Ne2 Bd7 18. Nf4 b5 19. Be2 bxa4 20. Qg3 Kh8 21. Nh5
Rg8 22. Qh3 Nd5 23. f4 c5 24. Nhf6 cxd4 25. Nxd5 exd5 26. Qh5 dxe4 27. Qxf7 d3
28. Rxd3 Bb5 29. Qg6 exd3 30. Bf3 Ra6 31. e6 Qxf4 32. g3 Qe3+ 33. Kg2 d2 34.
Be4 Bxf1+ 35. Kh1 Qxe4+ 0-1

[Event "Chorzow OPEN FIDE"]
[Site "Chorzow"]
[Date "2010.03.20"]
[Round "1.7"]
[White "Kempa, Stefan"]
[Black "Czornik, Janusz"]
[Result "1-0"]
[WhiteElo "2072"]
[BlackElo "1829"]
[PlyCount "85"]
[EventDate "2010.??.??"]

1. c4 c5 2. Nf3 Nc6 3. d4 cxd4 4. Nxd4 g6 5. e4 Bg7 6. Nc2 d6 7. Be2 Nh6 8. g4
Bd7 9. Nc3 Qc8 10. Rg1 Ne5 11. Ne3 Be6 12. f4 Nexg4 13. Nxg4 Nxg4 14. Bxg4
Bxc3+ 15. bxc3 Qxc4 16. Qd4 Qxd4 17. cxd4 Rc8 18. Be2 Rc2 19. d5 Bd7 20. Kd1
Rc7 21. a4 O-O 22. Bd2 Rfc8 23. Bd3 e6 24. Bb4 exd5 25. exd5 Bxa4+ 26. Kd2 b5
27. Rac1 Bb3 28. Rxc7 Rxc7 29. Re1 Bxd5 30. Re8+ Kg7 31. Rd8 Be6 32. Bxb5 d5
33. Bc3+ Kh6 34. Be2 Rc8 35. Rd6 Ra8 36. Ra6 Bc8 37. Ra5 Be6 38. Bd4 a6 39. Bf6
g5 40. fxg5+ Kg6 41. h4 Ra7 42. h5+ Kf5 43. Ra4 1-0

[Event "Chorzow OPEN FIDE"]
[Site "Chorzow"]
[Date "2010.03.20"]
[Round "1.8"]
[White "Bezimienny, Daniel"]
[Black "Krasnodebska, Magdalena"]
[Result "1-0"]
[WhiteElo "1828"]
[BlackElo "2066"]
[PlyCount "33"]
[EventDate "2010.??.??"]

1. e4 c5 2. Nf3 e6 3. c4 d5 4. exd5 exd5 5. cxd5 Qxd5 6. Nc3 Qd8 7. Bc4 Bd6 8.
O-O Ne7 9. Ng5 Be6 10. Bxe6 fxe6 11. Nxe6 Bxh2+ 12. Kh1 Qd6 13. Re1 Be5 14. Nb5
Qc6 15. Rxe5 Nd7 16. Nec7+ Kd8 17. Re6 1-0

[Event "Chorzow OPEN FIDE"]
[Site "Chorzow"]
[Date "2010.03.20"]
[Round "1.9"]
[White "Kuciel, Wladyslaw"]
[Black "Klementys, Jerzy"]
[Result "1-0"]
[WhiteElo "2066"]
[BlackElo "1809"]
[PlyCount "73"]
[EventDate "2010.??.??"]

1. Nf3 Nf6 2. c4 g6 3. Nc3 Bg7 4. e4 d6 5. d4 O-O 6. Be2 e5 7. Be3 Ng4 8. Bg5
f6 9. Bh4 Nc6 10. c5 exd4 11. Nxd4 Nxd4 12. Qxd4 dxc5 13. Qxc5 c6 14. Rd1 Qe8
15. O-O Qe5 16. Qd6 Qxd6 17. Rxd6 Ne5 18. f4 Nf7 19. Bc4 Kh8 20. Rxf6 Bxf6 21.
Bxf6+ Kg8 22. f5 Re8 23. a4 gxf5 24. exf5 Kf8 25. Rf4 Ne5 26. Be2 h6 27. Ne4
Nf7 28. Bh5 b6 29. Bxf7 Kxf7 30. Nd6+ Kxf6 31. Nxe8+ Ke5 32. f6 Be6 33. f7 Bxf7
34. Rxf7 Rxe8 35. Rxa7 Kd4 36. Rb7 Kc5 37. b4+ 1-0

[Event "Chorzow OPEN FIDE"]
[Site "Chorzow"]
[Date "2010.03.20"]
[Round "1.10"]
[White "Stepniewski, Jerzy"]
[Black "Widera, Jan"]
[Result "0-1"]
[WhiteElo "1794"]
[BlackElo "2065"]
[PlyCount "72"]
[EventDate "2010.??.??"]

1. Nf3 c5 2. e4 Nc6 3. c3 Nf6 4. d3 e5 5. Nbd2 d5 6. Be2 Be7 7. O-O O-O 8. Re1
Re8 9. Bf1 dxe4 10. Nxe4 Nxe4 11. Rxe4 f5 12. Qb3+ Kf8 13. Nxe5 Nxe5 14. Rxe5
Bd6 15. Bg5 Qxg5 16. Rxe8+ Kxe8 17. Qg8+ Kd7 18. Re1 Kc7 19. d4 a6 20. dxc5
Bxc5 21. Qc4 Kb6 22. b4 Bd6 23. Qd4+ Kc7 24. Rd1 Qe7 25. Qc4+ Kb8 26. Qd3 Bc7
27. Qd2 Ka7 28. a4 Qe5 29. g3 a5 30. Re1 Qd6 31. Qb2 Bd7 32. bxa5 Bc6 33. a6
Qd5 34. f3 Bb6+ 35. Kh1 Re8 36. Rxe8 Qxf3+ 0-1

[Event "Chorzow OPEN FIDE"]
[Site "Chorzow"]
[Date "2010.03.20"]
[Round "1.11"]
[White "Matczyk, Bartosz"]
[Black "Kostowski, Andrzej"]
[Result "1-0"]
[WhiteElo "2013"]
[BlackElo "1774"]
[PlyCount "91"]
[EventDate "2010.??.??"]

1. e4 c5 2. Nc3 e6 3. g3 Nc6 4. Bg2 Nf6 5. d3 h6 6. f4 d6 7. Nge2 Be7 8. O-O
Bd7 9. h3 a6 10. g4 Nh7 11. f5 Bf6 12. Nf4 O-O 13. fxe6 Bxe6 14. Ncd5 Bd4+ 15.
Kh1 Be5 16. c3 Bxd5 17. Nxd5 Qh4 18. Qf3 Ng5 19. Bxg5 Qxg5 20. Rad1 Qh4 21. Ne3
Ne7 22. d4 cxd4 23. cxd4 Bf6 24. Nc4 Nc6 25. Nxd6 Nxd4 26. Qe3 Ne6 27. e5 Qg5
28. Qxg5 Bxg5 29. Nxb7 Rab8 30. b3 Bf4 31. Nc5 Nxc5 32. Rxf4 Ne6 33. Ra4 Rb6
34. Rd6 Rfb8 35. Rxa6 Rxa6 36. Rxa6 Rb5 37. Ra8+ Kh7 38. Ra7 Kg8 39. Bf1 Rxe5
40. Bc4 Re1+ 41. Kg2 Nd8 42. Ra8 Rd1 43. a4 Kf8 44. a5 Ke7 45. a6 Ra1 46. Bd5
1-0

[Event "Chorzow OPEN FIDE"]
[Site "Chorzow"]
[Date "2010.03.20"]
[Round "1.13"]
[White "Blasiak, Miroslaw"]
[Black "Faron, Rafal"]
[Result "1/2-1/2"]
[WhiteElo "2003"]
[BlackElo "1721"]
[PlyCount "37"]
[EventDate "2010.??.??"]

1. e4 c5 2. Nf3 e6 3. d4 cxd4 4. Nxd4 a6 5. Nc3 Qc7 6. Be2 Nf6 7. O-O d6 8. Be3
Be7 9. f4 O-O 10. Kh1 b5 11. Bf3 Bb7 12. a3 Nbd7 13. Qe1 Rac8 14. Qg3 Kh8 15.
Rae1 Nb6 16. e5 dxe5 17. fxe5 Nfd7 18. Bxb7 Qxb7 19. Bc1 1/2-1/2

[Event "Chorzow OPEN FIDE"]
[Site "Chorzow"]
[Date "2010.03.20"]
[Round "1.14"]
[White "Hendel, Kazimierz"]
[Black "Leczycki, Pawel"]
[Result "0-1"]
[WhiteElo "1686"]
[BlackElo "1989"]
[PlyCount "46"]
[EventDate "2010.??.??"]

1. e4 e5 2. Nf3 Nc6 3. Bb5 a6 4. Bc4 Bc5 5. c3 Nf6 6. d3 d6 7. O-O h6 8. Be3
Bxe3 9. fxe3 Bg4 10. Nbd2 Qd7 11. b4 O-O 12. a4 a5 13. b5 Ne7 14. Qb3 Ng6 15.
d4 Rae8 16. Bd3 d5 17. Bc2 exd4 18. Nxd4 Nxe4 19. Nxe4 dxe4 20. Bd1 Ne5 21. Rf4
Bxd1 22. Rxd1 Nd3 23. Rf5 g6 0-1

[Event "Chorzow OPEN FIDE"]
[Site "Chorzow"]
[Date "2010.03.20"]
[Round "1.15"]
[White "Semik, Tomasz"]
[Black "Kurzok, Zenon"]
[Result "1-0"]
[WhiteElo "1968"]
[BlackElo "1682"]
[PlyCount "61"]
[EventDate "2010.??.??"]

1. Nf3 Nf6 2. g3 g6 3. b3 Bg7 4. Bb2 O-O 5. Bg2 d6 6. O-O Bg4 7. h3 Bd7 8. d4
c6 9. Nbd2 Na6 10. Re1 Nc7 11. e4 Nh5 12. Rb1 Re8 13. Qe2 Rb8 14. Qe3 h6 15. c4
Nf6 16. Red1 Qc8 17. Kh2 g5 18. Ne1 g4 19. h4 Nh5 20. Nd3 f5 21. e5 Ne6 22. d5
cxd5 23. cxd5 Nc5 24. e6 Bb5 25. Nxc5 Qxc5 26. Bxg7 Kxg7 27. Rbc1 Qxe3 28. fxe3
Rbc8 29. a4 Ba6 30. b4 b5 31. Bf1 1-0

[Event "Chorzow OPEN FIDE"]
[Site "Chorzow"]
[Date "2010.03.20"]
[Round "1.16"]
[White "Mirek, Lukasz"]
[Black "Jelonek, Michal"]
[Result "0-1"]
[WhiteElo "1643"]
[BlackElo "1959"]
[PlyCount "48"]
[EventDate "2010.??.??"]

1. d4 Nf6 2. b3 e6 3. Bb2 b6 4. e3 Bb7 5. Nf3 Be7 6. Bd3 O-O 7. O-O d6 8. c4
Ne4 9. Nfd2 f5 10. f3 Ng5 11. e4 c5 12. exf5 exf5 13. Qc2 Nc6 14. a3 Bf6 15. d5
Nd4 16. Qc1 Qe8 17. Re1 Qg6 18. Kf2 Qh5 19. Rh1 Rae8 20. Nc3 Qh4+ 21. g3 Qh5
22. Be2 Ndxf3 23. Nb5 Rxe2+ 24. Kxe2 Nd4+ 0-1

[Event "Chorzow OPEN FIDE"]
[Site "Chorzow"]
[Date "2010.03.20"]
[Round "1.17"]
[White "Gwozdzik, Zbigniew"]
[Black "Bogacki, Henryk"]
[Result "1-0"]
[WhiteElo "1923"]
[BlackElo "1615"]
[PlyCount "59"]
[EventDate "2010.??.??"]

1. d4 Nf6 2. c4 g6 3. Nc3 Bg7 4. e4 d6 5. Be2 O-O 6. Nf3 e5 7. d5 c5 8. O-O a6
9. Rb1 Ne8 10. b4 b6 11. bxc5 bxc5 12. Bd2 f5 13. Ng5 Nf6 14. Qb3 h6 15. Ne6
Bxe6 16. dxe6 Nc6 17. exf5 Nd4 18. Qb7 Nxf5 19. Bf3 Rb8 20. Qxa6 Ne7 21. Rxb8
Qxb8 22. Rb1 Qd8 23. Rb6 Ne8 24. Nd5 Kh8 25. Rb7 Nxd5 26. Bxd5 Qf6 27. Rf7 Rxf7
28. exf7 e4 29. fxe8=Q+ Bf8 30. Bc3 1-0

[Event "Chorzow OPEN FIDE"]
[Site "MDK Chorzow Batory"]
[Date "2010.03.21"]
[Round "2.1"]
[White "Leczycki, Pawel"]
[Black "Kalinin, Oleg"]
[Result "0-1"]
[WhiteElo "1989"]
[BlackElo "2366"]
[PlyCount "64"]
[EventDate "2010.??.??"]

1. d4 Nf6 2. c4 c5 3. d5 b5 4. cxb5 a6 5. bxa6 Bxa6 6. Nc3 d6 7. f4 g6 8. Nf3
Bg7 9. e4 Bxf1 10. Rxf1 O-O 11. e5 Ne8 12. e6 fxe6 13. Ng5 Nc7 14. Nxe6 Nxe6
15. dxe6 Nc6 16. g4 Qc8 17. Qd5 Nd4 18. f5 Nc2+ 19. Kd1 Nxa1 20. Bg5 Qa6 21.
Rf2 Bxc3 22. bxc3 Qa4+ 23. Ke1 Nc2+ 24. Kf1 Qxa2 25. Qd2 Qc4+ 26. Qe2 Ra1+ 27.
Kg2 Ne1+ 28. Kg3 Qxc3+ 29. Kh4 Ra3 30. Bxe7 Ng2+ 31. Rxg2 Qh3+ 32. Kg5 Rxf5+
0-1

[Event "Chorzow OPEN FIDE"]
[Site "MDK Chorzow Batory"]
[Date "2010.03.21"]
[Round "2.2"]
[White "Mulet, Piotr"]
[Black "Semik, Tomasz"]
[Result "0-1"]
[WhiteElo "2352"]
[BlackElo "1968"]
[PlyCount "80"]
[EventDate "2010.??.??"]

1. e4 d5 2. exd5 Qxd5 3. Nc3 Qa5 4. d4 Nf6 5. Nf3 c6 6. Bc4 Bf5 7. Ne5 e6 8. g4
Bg6 9. h4 Nbd7 10. Nxd7 Kxd7 11. h5 Be4 12. O-O Bd5 13. Nxd5 cxd5 14. Bb3 Rc8
15. Qf3 h6 16. Bf4 Bd6 17. Be5 Ke7 18. Bxd6+ Kxd6 19. Rfe1 Qd2 20. Qg3+ Ke7 21.
Rad1 Qg5 22. f3 Nxh5 23. Qh2 Nf4 24. Re5 Qf6 25. Qd2 Kf8 26. c3 g5 27. Kf2 Ng6
28. Ree1 Qf4 29. Qxf4 Nxf4 30. Rd2 Kg7 31. Rh1 b5 32. Ra1 h5 33. gxh5 Rxh5 34.
a4 a6 35. Bd1 Rh1 36. axb5 axb5 37. Ra5 Rch8 38. Kg3 R8h3+ 39. Kf2 R3h2+ 40.
Ke3 Re1+ 0-1

[Event "Chorzow OPEN FIDE"]
[Site "MDK Chorzow Batory"]
[Date "2010.03.21"]
[Round "2.3"]
[White "Sroka, Janusz"]
[Black "Gwozdzik, Zbigniew"]
[Result "1-0"]
[WhiteElo "2114"]
[BlackElo "1923"]
[PlyCount "89"]
[EventDate "2010.??.??"]

1. e4 c6 2. d3 d5 3. Nd2 g6 4. Ngf3 Bg7 5. g3 Nf6 6. Bg2 O-O 7. O-O Bg4 8. h3
Bxf3 9. Qxf3 Nbd7 10. Qe2 Qc7 11. c3 e6 12. Nf3 dxe4 13. dxe4 Nc5 14. Bf4 Qb6
15. Ne5 Nh5 16. b4 Nxf4 17. gxf4 Qa6 18. Qe3 Bxe5 19. fxe5 Nd7 20. Qg3 Rad8 21.
Rfd1 Qb5 22. f4 Kh8 23. Rd6 Qb6+ 24. Kh2 Nb8 25. Rad1 Rxd6 26. Rxd6 Rd8 27. Qd3
Rg8 28. Qg3 Rd8 29. Qh4 Rf8 30. Qf6+ Kg8 31. Rd3 Qc7 32. h4 h5 33. Bf3 Qb6 34.
Kg2 Qa6 35. Be2 Qxa2 36. Kf2 Qb1 37. f5 Qh1 38. Bf3 Qh2+ 39. Bg2 exf5 40. e6
Qf4+ 41. Bf3 Qh2+ 42. Bg2 Qf4+ 43. Kg1 Qg4 44. e7 Re8 45. Rd8 1-0

[Event "Chorzow OPEN FIDE"]
[Site "MDK Chorzow Batory"]
[Date "2010.03.21"]
[Round "2.4"]
[White "Jelonek, Michal"]
[Black "Swiatloch, Tomasz"]
[Result "1/2-1/2"]
[WhiteElo "1959"]
[BlackElo "2113"]
[PlyCount "120"]
[EventDate "2010.??.??"]

1. c4 c5 2. Nc3 Nf6 3. g3 e6 4. Nf3 d5 5. cxd5 exd5 6. d4 Nc6 7. Bg2 c4 8. O-O
Be7 9. Re1 O-O 10. Ne5 Bf5 11. Bg5 Re8 12. Bxf6 Bxf6 13. Nxd5 Nxe5 14. Nxf6+
Qxf6 15. dxe5 Qxe5 16. Qd2 Rad8 17. Qb4 Be4 18. Bxe4 Qxe4 19. Rac1 Rc8 20. e3
h6 21. Red1 Red8 22. Qa5 Rd3 23. Rxd3 Qxd3 24. Qc3 Qxc3 25. bxc3 Kf8 26. Rd1
Ke7 27. Kf1 a6 28. Rd4 f5 29. g4 fxg4 30. Rxg4 Kf6 31. Ke2 b5 32. Rd4 Rc6 33.
f3 g5 34. Rd5 Ke6 35. e4 Rd6 36. Rc5 Rd3 37. Rc6+ Ke5 38. Rxh6 Rxc3 39. Rxa6
Rc2+ 40. Ke3 Rxh2 41. Rc6 Rxa2 42. Rc5+ Kf6 43. Rxb5 Ra3+ 44. Ke2 Ra2+ 45. Ke3
Ra3+ 46. Kf2 Ra1 47. Rf5+ Kg6 48. Rc5 Rc1 49. Ke3 Rc3+ 50. Ke2 Rc2+ 51. Ke3
Rc3+ 52. Kf2 Rc1 53. Rc6+ Kf7 54. Kg3 Rg1+ 55. Kh3 Rc1 56. Kg4 Rg1+ 57. Kf5 Rg3
58. Rc7+ Ke8 59. Rxc4 Rxf3+ 60. Kxg5 Ke7 1/2-1/2

[Event "Chorzow OPEN FIDE"]
[Site "MDK Chorzow Batory"]
[Date "2010.03.21"]
[Round "2.5"]
[White "Sztwiertnia, Krzysztof"]
[Black "Rychlik, Bogdan"]
[Result "1-0"]
[WhiteElo "2082"]
[BlackElo "1906"]
[PlyCount "51"]
[EventDate "2010.??.??"]

1. e4 c5 2. Na3 Nc6 3. Bb5 Nd4 4. Bc4 e6 5. c3 Nc6 6. Nf3 g6 7. O-O Bg7 8. d4
cxd4 9. cxd4 a6 10. Bb3 b5 11. Bf4 d6 12. d5 Na5 13. dxe6 fxe6 14. Bxd6 Nxb3
15. axb3 Bb7 16. e5 Bd5 17. Nd4 Ne7 18. Qg4 Nf5 19. Nxf5 exf5 20. Qe2 Qb6 21.
Rfc1 Bc6 22. Rc5 Kd7 23. Rd1 Ke6 24. b4 Rac8 25. Qc2 Kf7 26. Qb3+ 1-0

[Event "Chorzow OPEN FIDE"]
[Site "MDK Chorzow Batory"]
[Date "2010.03.21"]
[Round "2.7"]
[White "Solek, Zenon"]
[Black "Kuciel, Wladyslaw"]
[Result "0-1"]
[WhiteElo "1895"]
[BlackElo "2066"]
[PlyCount "44"]
[EventDate "2010.??.??"]

1. e4 c5 2. Nf3 d6 3. d4 cxd4 4. Nxd4 Nf6 5. Nc3 a6 6. Bg5 e6 7. f4 Be7 8. Qf3
Qc7 9. O-O-O Nbd7 10. g4 h5 11. Bxf6 hxg4 12. Qxg4 Nxf6 13. Qe2 b5 14. a3 Bb7
15. Bg2 O-O-O 16. f5 e5 17. Nb3 Kb8 18. Bf3 Rc8 19. h4 Nd7 20. Rdg1 Bf6 21. Nd2
Nb6 22. Ncb1 Qxc2# 0-1

[Event "Chorzow OPEN FIDE"]
[Site "MDK Chorzow Batory"]
[Date "2010.03.21"]
[Round "2.8"]
[White "Widera, Jan"]
[Black "Santura, Janusz"]
[Result "1-0"]
[WhiteElo "2065"]
[BlackElo "1876"]
[PlyCount "49"]
[EventDate "2010.??.??"]

1. e4 c6 2. c4 d5 3. exd5 cxd5 4. cxd5 Qxd5 5. Nc3 Qd8 6. d4 Nf6 7. Nf3 e6 8.
Bc4 Be7 9. O-O Nbd7 10. Bg5 Nb6 11. Bb3 O-O 12. Rc1 Nbd5 13. Ne5 Bd7 14. Re1
Rc8 15. Nxd5 Nxd5 16. Bxe7 Nxe7 17. Qd3 Bc6 18. Nxf7 Rxf7 19. Bxe6 Rc7 20.
Bxf7+ Kxf7 21. Qxh7 Ng6 22. Rc5 Bd5 23. Qh5 Rxc5 24. dxc5 Qd7 25. Rd1 1-0

[Event "Chorzow OPEN FIDE"]
[Site "MDK Chorzow Batory"]
[Date "2010.03.21"]
[Round "2.9"]
[White "Bezimienny, Daniel"]
[Black "Matczyk, Bartosz"]
[Result "1-0"]
[WhiteElo "1828"]
[BlackElo "2013"]
[PlyCount "109"]
[EventDate "2010.??.??"]

1. e4 Nc6 2. d4 e5 3. d5 Nce7 4. Bg5 h6 5. Be3 Nf6 6. Bd3 Ng6 7. Ne2 Ng4 8. Bd2
Bc5 9. O-O Qh4 10. h3 Nxf2 11. Rxf2 Qxf2+ 12. Kh1 Nh4 13. Qg1 Qxg1+ 14. Nxg1
Bxg1 15. Kxg1 d6 16. Nc3 a6 17. Rf1 O-O 18. Ne2 f5 19. Ng3 f4 20. Nh1 f3 21. g3
f2+ 22. Rxf2 Nf3+ 23. Kg2 Nxd2 24. Rxd2 Bd7 25. c4 b5 26. Nf2 b4 27. Rc2 Rf7
28. c5 Bb5 29. Bxb5 axb5 30. b3 dxc5 31. Nd3 c4 32. Nxb4 cxb3 33. axb3 Ra3 34.
Rc3 Ra1 35. Re3 Rb1 36. g4 Rb2+ 37. Kg3 g5 38. Rc3 Rf1 39. Nd3 Rg1+ 40. Kf3
Rgb1 41. Nxb2 Rxb2 42. Rxc7 Rxb3+ 43. Ke2 Rb4 44. Ke3 Kf8 45. Rh7 Rb3+ 46. Kd2
Rxh3 47. d6 Rh2+ 48. Kc3 Rh3+ 49. Kb4 Re3 50. Rh8+ Kg7 51. d7 Rxe4+ 52. Kxb5
Kxh8 53. d8=Q+ Kg7 54. Qd7+ Kh8 55. Qc8+ 1-0

[Event "Chorzow OPEN FIDE"]
[Site "MDK Chorzow Batory"]
[Date "2010.03.21"]
[Round "2.12"]
[White "Faron, Rafal"]
[Black "Piesik, Piotr"]
[Result "1/2-1/2"]
[WhiteElo "1721"]
[BlackElo "2273"]
[PlyCount "119"]
[EventDate "2010.??.??"]

1. d4 c5 2. d5 e5 3. c4 d6 4. Nc3 a6 5. a4 b6 6. g3 Be7 7. Bg2 Bg5 8. e4 Nd7 9.
Nge2 Bxc1 10. Qxc1 Ne7 11. O-O O-O 12. b3 Ra7 13. Qd2 Ng6 14. Rae1 Nf6 15. Nd1
Bd7 16. Nb2 Qc8 17. f4 exf4 18. Nxf4 Ne5 19. Nbd3 Nfg4 20. h3 Nxd3 21. Nxd3 Ne5
22. Nxe5 dxe5 23. Kh2 Qc7 24. Ra1 Rfa8 25. Ra2 f6 26. Rfa1 Kf7 27. Bf1 Ke7 28.
Qe2 h6 29. Qd2 Kd6 30. Rb1 Rb8 31. Rba1 Be8 32. Be2 Bg6 33. Qc2 Rba8 34. Bd3
Be8 35. Qe2 Qf7 36. Qf2 a5 37. Rf1 Qh5 38. Qf5 Re7 39. Qxh5 Bxh5 40. Raf2 Rf8
41. g4 Be8 42. Kg3 Rh8 43. Rh2 h5 44. Bc2 Bg6 45. Rfh1 Ree8 46. Bd3 Rh6 47. Bc2
Reh8 48. Bd3 Be8 49. Bc2 Bd7 50. Bd1 Rg6 51. Be2 Rhh6 52. Bd1 Rg5 53. Rg1 Rgg6
54. Rhg2 Rh8 55. Kf2 hxg4 56. Bxg4 Bxg4 57. Rxg4 Rxg4 58. hxg4 Ke7 59. Kg2 Rh4
60. Kg3 1/2-1/2

[Event "Chorzow OPEN FIDE"]
[Site "MDK Chorzow Batory"]
[Date "2010.03.21"]
[Round "2.13"]
[White "Koziak, Vitali"]
[Black "Stepniewski, Jerzy"]
[Result "1-0"]
[WhiteElo "2478"]
[BlackElo "1794"]
[PlyCount "55"]
[EventDate "2010.??.??"]

1. e4 c5 2. Nf3 Nc6 3. d4 cxd4 4. Nxd4 Qb6 5. Nb3 Nf6 6. Nc3 e6 7. Bd3 Nb4 8.
e5 Nfd5 9. Nxd5 Nxd5 10. O-O f5 11. Bxf5 exf5 12. Qxd5 Qe6 13. Qd3 g6 14. Nd4
Qf7 15. Nb5 Kd8 16. Bg5+ Be7 17. e6 Qg7 18. Bxe7+ Qxe7 19. Qc3 Rg8 20. Qc7+ Ke8
21. Nd6+ Kf8 22. Nxc8 Qxe6 23. Rfe1 Qc6 24. Qd8+ Kg7 25. Qe7+ Kh8 26. Qe5+ Rg7
27. Qe8+ Rg8 28. Qxg8+ 1-0

[Event "Chorzow OPEN FIDE"]
[Site "MDK Chorzow Batory"]
[Date "2010.03.21"]
[Round "2.14"]
[White "Krasnodebska, Magdalena"]
[Black "Kostowski, Andrzej"]
[Result "1-0"]
[WhiteElo "2066"]
[BlackElo "1774"]
[PlyCount "95"]
[EventDate "2010.??.??"]

1. e4 c5 2. Nf3 Nc6 3. Bb5 a6 4. Bxc6 dxc6 5. O-O Bg4 6. d3 h6 7. Be3 e6 8.
Nbd2 Nf6 9. Qe1 Be7 10. Ne5 Bh5 11. f4 Ng4 12. Nxg4 Bxg4 13. f5 exf5 14. exf5
Qd5 15. Qf2 Bh5 16. Rae1 Kf8 17. Ne4 f6 18. Bxc5 Bxc5 19. Nxc5 Bf7 20. c4 Qd6
21. Nxb7 Qxd3 22. Qc5+ Kg8 23. Nd6 Rf8 24. Qxc6 Qd4+ 25. Kh1 Kh7 26. Re7 Bh5
27. b3 a5 28. Qd7 Rhg8 29. Ne4 Qb2 30. c5 Re8 31. Re6 Rd8 32. Qb7 Kh8 33. Nd6
Qd4 34. Qc7 a4 35. Re4 Qd3 36. Rfe1 axb3 37. axb3 Qxb3 38. Re7 Ra8 39. h3 Ra2
40. R1e3 Qc2 41. Qc6 Qf2 42. Re1 Bg4 43. Re8 Bh5 44. R8e7 Bg4 45. Re8 Bxf5 46.
Rxg8+ Kxg8 47. Qd5+ Kh8 48. Re8+ 1-0

[Event "Chorzow OPEN FIDE"]
[Site "MDK Chorzow Batory"]
[Date "2010.03.21"]
[Round "2.15"]
[White "Michalski, Edmund"]
[Black "Czornik, Adam"]
[Result "1-0"]
[WhiteElo "1906"]
[BlackElo "1766"]
[PlyCount "31"]
[EventDate "2010.??.??"]

1. d4 Nf6 2. Nf3 g6 3. c4 Bg7 4. Nc3 d5 5. e3 O-O 6. Be2 c5 7. O-O cxd4 8. Nxd4
dxc4 9. Bxc4 Nbd7 10. Qe2 Nb6 11. Bb3 Nfd5 12. Nxd5 Nxd5 13. Rd1 e6 14. e4 Nf4
15. Bxf4 Bxd4 16. Be5 1-0

[Event "Chorzow OPEN FIDE"]
[Site "MDK Chorzow Batory"]
[Date "2010.03.21"]
[Round "2.16"]
[White "Marek, Eugeniusz"]
[Black "Hendel, Kazimierz"]
[Result "1-0"]
[WhiteElo "1887"]
[BlackElo "1686"]
[PlyCount "79"]
[EventDate "2010.??.??"]

1. d4 d5 2. Nf3 Nf6 3. Bg5 Ne4 4. Bh4 h6 5. e3 g5 6. Bg3 Nxg3 7. hxg3 Bg7 8.
Bd3 Bg4 9. c4 c6 10. Nc3 e6 11. cxd5 exd5 12. O-O Nd7 13. b4 h5 14. Be2 h4 15.
gxh4 Bxf3 16. Bxf3 Rxh4 17. g3 Rh6 18. Rc1 Qe7 19. b5 Nb6 20. bxc6 bxc6 21. Na4
Qd7 22. Bg2 f5 23. Nc5 Qf7 24. Re1 Bf8 25. Nd3 Nd7 26. Qa4 Nb6 27. Qb3 Rc8 28.
Ne5 Qh7 29. a4 Rc7 30. Rc2 g4 31. Rec1 Bd6 32. a5 Rh2 33. f4 Bxe5 34. axb6 Rb7
35. bxa7 Rxg2+ 36. Rxg2 Rxb3 37. a8=Q+ Bb8 38. Qxc6+ Qd7 39. Qg6+ Qf7 40. Qh6
1-0

[Event "Chorzow OPEN FIDE"]
[Site "MDK Chorzow Batory"]
[Date "2010.03.21"]
[Round "2.17"]
[White "Galyga, Jozef"]
[Black "Kurzok, Zenon"]
[Result "0-1"]
[WhiteElo "1874"]
[BlackElo "1682"]
[PlyCount "90"]
[EventDate "2010.??.??"]

1. e4 c5 2. Nc3 d6 3. Nf3 Nc6 4. d3 e6 5. g3 g6 6. Bg2 Bg7 7. O-O Nge7 8. Be3
Nd4 9. Bxd4 cxd4 10. Ne2 Nc6 11. c3 dxc3 12. Nxc3 O-O 13. Qd2 Qb6 14. Rab1 Bd7
15. Ne2 Qb4 16. Rfd1 Rac8 17. Qe3 Qa5 18. a3 Rc7 19. d4 Ne7 20. Rbc1 Rfc8 21.
Rxc7 Rxc7 22. Nc3 Bc6 23. Qf4 h6 24. Qxd6 Rd7 25. Qb4 Qd8 26. Qc4 a6 27. Ne5
Rd6 28. Nxc6 Rxc6 29. Qb4 b5 30. e5 Rc7 31. Qd6 Qc8 32. Bf3 Bf8 33. Qb6 Bg7 34.
Be4 Kh7 35. h4 h5 36. Kg2 Rd7 37. f4 Nf5 38. Bxf5 gxf5 39. Kh3 Bf8 40. Kh2 Bxa3
41. Kh3 Bxb2 42. Ne2 Qc2 43. Re1 Qd2 44. Qc6 Qxe1 45. Qxd7 Qh1# 0-1